| 000 | 01339nam a2200325 a 4500 | ||
|---|---|---|---|
| 001 | 73677 | ||
| 003 | BD-RjUL | ||
| 005 | 20211209082429.0 | ||
| 008 | 170606s1956 enka b 001 0 eng | ||
| 035 | _a(BD-RjUL)73895 | ||
| 040 |
_aDLC _cPU _dBD-RjUL _beng |
||
| 041 | _aeng | ||
| 082 |
_a655.442 _223 _bMUP 1956 |
||
| 100 | 1 |
_aMumby, Frank Arthur, _d1872-1954. _9218088 |
|
| 245 | 1 | 0 |
_aPublishing and bookselling : _ba history from the earliest times to the present day / _cby Frank Arthur Mumby. |
| 250 | _a4th ed. | ||
| 260 |
_aLondon : _bJonathan Cape, _c1956. |
||
| 300 |
_a442 p. : _bill. ; _c23 cm. |
||
| 500 | _a"Printed in Great Britain by J. and J. Gray, Edinburgh." | ||
| 500 | _aPublished 1910 with title: The romance of book selling. Revised and re-written in 1930 under present title. | ||
| 500 | _a"Distributed in U.S.A. by R.R. Bowker Company." | ||
| 500 | _aIncludes index. | ||
| 504 | _a"Bibliography of publishing and bookselling / by William Peet." : p. 373-415. | ||
| 650 | 0 |
_aBooksellers and bookselling _zGreat Britain. _9218089 |
|
| 650 | 0 |
_aPublishers and publishing _zGreat Britain. _9218090 |
|
| 650 | 0 |
_aBooksellers and bookselling _xBibliography. _9218091 |
|
| 650 | 0 |
_aPublishers and publishing _xBibliography. _9218092 |
|
| 700 | 1 |
_aPeet, W. H. _q(William Henry), _d1840-1916. _928335 |
|
| 942 |
_2ddc _cBK |
||
| 999 |
_c73677 _d73677 |
||